000 00470nam a2200133Ia 4500
008 200619s9999 xx 000 0 und d
082 _a338.9VAS
100 _aVasantharaj N. K.
245 0 _aHasivina Samrajyakke Koneyenthu : (How to End the Empire of Hunger? Book on World Food Crisis – Its Nature, Causes and Solutions)
264 _aBangalore
_bChinthana Pushtaka
_c2009
300 _a176
942 _cIR
999 _c120031
_d120031